|
|
|
|
| LEADER |
00000nab a2200000 a 4500 |
| 001 |
vtls000256530 |
| 003 |
SK-MaSNL |
| 005 |
20260304071422.0 |
| 008 |
250422c1986 xo 0 slo |
| 015 |
|
|
|a SNBRB19rr/mm-uuuuu
|
| 035 |
|
|
|a CL0266644
|
| 035 |
|
|
|a urn:nbn:sk:snk-ab2vkc
|
| 035 |
|
|
|a (urnnbn)urn:nbn:sk:snk:ar-a03059
|
| 035 |
|
|
|a (uuid)2e82d8e5-6e95-4154-8efe-8a41f66a7c7b
|
| 040 |
|
|
|a SNKBUCL
|b slo
|c SNKBUCL
|e AACR2
|
| 041 |
0 |
|
|a slo
|
| 044 |
|
|
|a xo
|c SK
|
| 080 |
|
|
|a 796.51(234.372)
|2 1981
|
| 080 |
|
|
|a (234.372.4)
|2 2001
|
| 080 |
|
|
|a 796.5:625.711.8
|2 2011
|
| 100 |
1 |
|
|a Dugas, Dionýz,
|d 1941-
|4 aut
|9 105914
|
| 245 |
1 |
0 |
|a Čriepky z Muránskej planiny
|c Dionýz Dugas
|
| 300 |
|
|
|b Obr. 3.
|
| 650 |
0 |
7 |
|a turistika
|2 snkbucl
|9 683
|
| 650 |
0 |
7 |
|a turistické chodníky
|2 SNKPH
|9 71065
|
| 651 |
|
7 |
|a Muránska planina (Slovensko)
|2 SNKPH
|9 27791
|
| 655 |
|
7 |
|a články z novín a časopisov
|2 snkbucl
|9 267496
|
| 773 |
0 |
|
|t Krásy Slovenska
|g Roč. 63, č. 9 (1986), s. 32-33
|
| 850 |
|
|
|a Slovenská národná knižnica
|
| 852 |
|
|
|a Slovenská národná knižnica
|
| 954 |
|
|
|a odborná, vedecká literatúra pôvodná (slovenská)
|2 lita
|
| 958 |
|
|
|a article27
|
| 958 |
|
|
|a OND
|
| 958 |
|
|
|a RK
|
| 958 |
|
|
|a EUIPO
|
| 992 |
|
|
|a RBX
|
| 999 |
|
|
|c 2760331
|d 2762261
|